Statistics for Artists who reached #1 in the USA that starts with P

Click here to take the quiz!

General Stats

  • This quiz has been taken 47 times
  • The average score is 14 of 38

Answer Stats

#SongArtist% Correct
4So WhatP!nk
98%
5Purple RainPrince
98%
1Another Brick in the Wall (Part II)Pink Floyd
95%
29 to 5Dolly Parton
86%
17Heartbreak HotelElvis Presley
83%
1Every Breath You TakeThe Police
79%
9FireworkKaty Perry
64%
1West End GirlsPet Shop Boys
64%
1Every Rose Has Its ThornPoison
64%
4HappyPharrell
57%
1Me and Mrs. JonesBilly Paul
55%
4Gimme the LightSean Paul
55%
1Hey There DelilahPlain White T's
52%
1Addicted to LoveRobert Palmer
52%
1GhostbustersRay Parker, Jr.
48%
2TimberPitbull
45%
5I'll Be Missing YouPuff Daddy
45%
1Bad DayDaniel Powter
38%
1If I Had a HammerPeter, Paul Mary
21%
1Set Adrift on Memory BlissPM Dawn
21%
1I Think I Love YouThe Partridge Family
21%
4The Great PretenderThe Platters
21%
1AttentionCharlie Puth
19%
1Billy Don't Be a HeroPaper Lace
19%
1Hey PaulaPaul & Paula
19%
1ReunitedPeaches & Herb
19%
1Monster MashBobby "Boris" Pickett and the Crypt-Kickers
17%
1Close to YouMaxi Priest
17%
1Baby Come BackPlayer
14%
2That's the Way God Planned ItBilly Preston
12%
1Running BearJohnny Preston
12%
1GoodiesPetey Pablo
7%
1Naughty NaughtyJohn Parr
5%
1Maria MariaThe Product G&B
5%
1Lawdy Miss ClawdyLloyd Price
2%
2PatriciaPérez Prado
2%
1A World Without LovePeter & Gordon
2%
1I'll Be Your EverythingTommy Page
2%

Score Distribution

Percentile by Number Answered

Percent of People with Each Score

Your Score History

You have not taken this quiz